Karl Barth and the problem of war

Shranjeno v:
Bibliografske podrobnosti
Glavni avtor: John H Yoder
Format: Knjiga
Jezik:Undetermined
Izdano: New York Abingdon Press 1971
Teme:
Oznake: Označite
Brez oznak, prvi označite!
Thư viện lưu trữ: Trung tâm Học liệu Trường Đại học Cần Thơ
LEADER 00491nam a2200181Ia 4500
001 CTU_43099
008 210402s9999 xx 000 0 und d
082 |a 241.092 
082 |b Y54 
100 |a John H Yoder 
245 0 |a Karl Barth and the problem of war 
245 0 |c John H Yoder 
260 |a New York 
260 |b Abingdon Press 
260 |c 1971 
650 |a barthian ethics,christian ethics 
904 |i Minh, 010827 
980 |a Trung tâm Học liệu Trường Đại học Cần Thơ